Countries with most states (HOI IV) - Statistics

General Stats
  • This quiz has been taken 79 times
  • The average score is 14 of 16
Answer Stats
Hint Answer % Correct
72 France
99%
53 United States
99%
22 Germany
97%
76 United Kingdom
97%
22 China
96%
25 Italy
94%
24 Japan
93%
26 British Raj
90%
15 Canada
90%
26 Spain
90%
143 USSR
88%
13 Mexico
87%
21 Turkey
82%
18 Poland
78%
16 Portugal
65%
13 Yugoslavia
51%
No matching quizzes found
Score Distribution
Percent of People with Each Score
Percentile by Number Answered
Your Score History
You have not taken this quiz